=LDR 00000nam 2200000 4500 =001 INLIS000000000051288 =005 20170911022416 =035 ##$$a 0010-0917000092 =007 ta =008 170911###########################0###### =020 ##$$a 978-602-6559-83-9 =082 ##$$a 641.5 =084 ##$$a 641.5 FEB b =100 #$$a Febri Surya =245 1#$$a Boga Dasar untuk Pembelajaran SMK /$c Febri Surya =260 ##$$a Yogyakarta :$b Indoliterasi,$c 2017 =300 ##$$a 144 hlm : $b ilus. ; $c 20 cm =650 ##$$a TATA BOGA - STUDI & PENGAJARAN =504 ##$$a Bibliografi : Hlm. 141-142 Biografi : 143 =990 ##$$a 1052810528 =990 ##$$a 1052810528 =990 ##$$a 1052810528 =990 ##$$a 1052810528 =990 ##$$a 1052810528 =990 ##$$a 21702221 =990 ##$$a 01201710528 =990 ##$$a 01201710529 =990 ##$$a 01201710530 =990 ##$$a 01201710531 =990 ##$$a 21702222 =990 ##$$a 01201710528 =990 ##$$a 01201710529 =990 ##$$a 01201710530 =990 ##$$a 21702221 =990 ##$$a 21702223 =990 ##$$a 01201710528 =990 ##$$a 01201710529 =990 ##$$a 21702222 =990 ##$$a 21702221 =990 ##$$a 21702224 =990 ##$$a 01201710528 =990 ##$$a 21702223 =990 ##$$a 21702222 =990 ##$$a 21702221 =990 ##$$a 21702225 =990 ##$$a 21702224 =990 ##$$a 21702223 =990 ##$$a 21702222 =990 ##$$a 21702221